| 000 | 004100000a22001690004500 | ||
|---|---|---|---|
| 003 | MACL | ||
| 005 | 20150707161614.0 | ||
| 008 | 150707b xxu||||| |||| 00| 0 eng d | ||
| 040 |
_aMACL _cMACL |
||
| 041 | _aEnglish | ||
| 100 |
_aChoudhary,J.N. _91305 |
||
| 245 | _aEmpowerment of Peasant Women | ||
| 260 |
_aJaipur _bRitu Pub. _c2008 |
||
| 350 | _a450 | ||
| 650 |
_asociology _919 |
||
| 942 |
_cBK _k306/CHO _2ddc |
||
| 999 |
_c47813 _d47813 |
||